000 00503nam a22001337a 4500
005 20241007102057.0
008 241007b |||||||| |||| 00| 0 eng d
100 _aCanonizado, Isagani C.
_eauthor.
_962413
245 _aLesson plan in science and health for grades V and VI /
_cIsagani C. Canonizado.
260 _aPhilippines:
_bPublishers Association of the Philippines, Inc.,
_cMarch 2019.
300 _aVolume 66, pages 378.
700 _aCanonizado, Isagani C.
_eauthor.
_962414
942 _2ddc
_cPER
999 _c22287
_d22287